| 000 | 00713nam a2200229Ia 4500 | ||
|---|---|---|---|
| 999 |
_c53646 _d53646 |
||
| 001 | 20693 | ||
| 003 | GE_BSU | ||
| 005 | 20240515164940.0 | ||
| 008 | 181216s2014||||xx |||||||||||||| ||eng|| | ||
| 020 | _a9781449688615x | ||
| 040 | _cGE_BSU | ||
| 041 | _aeng | ||
| 080 | _a579+61 P 81 | ||
| 100 |
_aPommerville, Jeffrey C. _910342 |
||
| 245 |
_aFundamentals Of Microbiology / _cJeffrey C. Pommerville. |
||
| 264 |
_aBurlington : _bJones & Bartlett Learning, _c2014. |
||
| 300 |
_a845 p. : _bill. ; _c28 cm. |
||
| 653 | _aმედიცინა | ||
| 653 | _aმიკრობიოლოგია | ||
| 653 | _aმიკრობიოლოგიის საფუძვლები | ||
| 942 |
_cBK _2udc |
||